Chi tiết máy

Khái niệm chung, các loại truyền động, thông số hình học, cơ học, tính toán truyền động xích, truyền động đai, đai ốc. Kết cấu công nghiệp. phân loại, vật liệu, tính độ bền của trục, ổ trục, khớp nối và lò xo...

Volledige beschrijving

Bewaard in:
Bibliografische gegevens
Hoofdauteur: Nguyễn, Trọng Hiệp
Formaat: Boek
Taal:Undetermined
Gepubliceerd in: Hà Nội Giáo dục 1999
Onderwerpen:
Tags: Voeg label toe
Geen labels, Wees de eerste die dit record labelt!
Thư viện lưu trữ: Trung tâm Học liệu Trường Đại học Cần Thơ
LEADER 00902nam a2200217Ia 4500
001 CTU_37445
008 210402s9999 xx 000 0 und d
020 |b 19.000đ 
020 |c 13300 
082 |a 621.82 
082 |b H307/T.2 
100 |a Nguyễn, Trọng Hiệp 
245 0 |a Chi tiết máy 
245 0 |c Nguyễn Trọng Hiệp 
260 |a Hà Nội 
260 |b Giáo dục 
260 |c 1999 
520 |a Khái niệm chung, các loại truyền động, thông số hình học, cơ học, tính toán truyền động xích, truyền động đai, đai ốc. Kết cấu công nghiệp. phân loại, vật liệu, tính độ bền của trục, ổ trục, khớp nối và lò xo 
650 |a Machine parts 
904 |i Nguyễn Quang Điền 
980 |a Trung tâm Học liệu Trường Đại học Cần Thơ